00308 a2200109 450000500170000002000220001710000170003924500230005625000120007926000590009130000480015020250602092352.0 a978-9987-694-25-9 aMUHANDENI, M aFinancial Analysis a2nd Ed. aDar es SalaambThe Tanzania Institute of Bankersc2010 axiii, 636p.: ill; graphs, tables. c24.5 cm